LDR 00738naa#a2200157#i#450# 001 EN\\bibl\19781 005 20260603010358.3 100 ## _a20260601b2026####ek#y0engy0150####ca 102 ## _aRU 200 1# _aDYNAMICS OF TRANSFORMATION AND UNUSED POTENTIAL OF RUSSIA'S AGRICULTURAL LAND _eConference article/thesis 210 1# _aVoronezh _cFSBE Institution of Higher Education Voronezh State University of Forestry and Technologies named after G.F. Morozov _d2026 215 ## _a6 с. 608 ## _aConference article/thesis _2local 675 ## _aСельскохозяйственные предприятия, земельные владения и системы ведения хозяйства. 631.11 _z 700 #1 _aSukhoverkhov _gO. S. 856 4# _abibl.vgltu.ru _u